000
00309nam a22001337a 4500
020
_a
978-93-90602-11-7
082
_a
823
_b
MAP/P
100
_a
MAPLE KIDS
245
_a
PRODIGAL SON
260
_a
NOIDA
_b
MAPLE PRESS PRIVATE LIMITED
_c
2021
300
_a
16
650
_a
CHILDRENS LITERATURE
_z
INDIA
942
_c
BK
999
_c
7095
_d
7095